| 000 | 00756cab a2200241 4500 | ||
|---|---|---|---|
| 001 | ABS38877 | ||
| 008 | 090401t1988 xxu||||| |||| 00| 0 eng d | ||
| 035 | _a(Sirsi) u12996 | ||
| 041 | _aeng | ||
| 100 | _aCunningham, M. | ||
| 245 | _aValuation software evaluated | ||
| 260 | _c1988 | ||
| 350 | _a0 | ||
| 490 |
_aBuilding _v253(7539) 18 March 1988, 76-77(2) |
||
| 520 | _aThe fourth article in the series on software for building contractors , the authors review two more valuation packages: the CMS Estimator system and RIPAC . (See also Abstract | ||
| 650 | _aCOMPUTERS | ||
| 650 | _aESTIMATING | ||
| 650 | _aQUANTITY SURVEYORS | ||
| 690 | _aBUILDING AND CONSTRUCTION-COMPUTERS | ||
| 700 | _aAtkin, B. | ||
| 942 | _n0 | ||
| 948 | _c04/03/1997 | ||
| 999 |
_c8350 _d8350 |
||